00605nam a22001577a 4500999001900000008004100019020002300060040001700083050001600100100001500116245010500131260003200236300001800268942002600286952013500312 c167274d167274190826b ||||| |||| 00| 0 eng d a81-85070-92-Xc895 aDPLbEnglish a025.527 KAU aKaula,P N  aChanging dimensions of Library and Information in Indiaba cluster of essayscby P.N. KaulahEnglish aAgrabY.K. Publishersc2004 a436p.b26 cm. 2ddccENh025.527mKAU 00102ddc40708NFICaMPbMPd2019-08-26eBPPD/PUBg895.00l0o025.527 KAUpB-160353r2019-08-26 00:00:00v895.00w2019-08-26yEN